Reinžiniering je cesta k intenzifikácii, ale má obmedzenia

Niekoľko definícií reengineeringu. Ide nielen o zmenu organizačnej štruktúry, ale aj o výkonnosť, kvalitu a nízke náklady. Spájanie firiem za účelom získania časovej výhody, know-how, prístup k trhu, zníženie nákladov. Špecifiká rafinérskeho priemyslu.

Salvato in:
Dettagli Bibliografici
Autore principale: Kavec, Ján
Natura: Capitolo di libro
Lingua:slovacco
Soggetti:
Tags: Aggiungi Tag
Nessun Tag, puoi essere il primo ad aggiungerne!!

MARC

LEADER 00000naa a2200000 4500
001 r022301
005 20230921075835.3
041 0 |a slo 
044 |a SK 
245 1 0 |a Reinžiniering je cesta k intenzifikácii, ale má obmedzenia  |c J. Kavec 
520 |a Niekoľko definícií reengineeringu. Ide nielen o zmenu organizačnej štruktúry, ale aj o výkonnosť, kvalitu a nízke náklady. Spájanie firiem za účelom získania časovej výhody, know-how, prístup k trhu, zníženie nákladov. Špecifiká rafinérskeho priemyslu. 
610 2 0 |a reengineering 
610 2 0 |a pojmy 
610 2 0 |a zmeny organizačné 
610 2 0 |a produktivita práce 
610 2 0 |a USA 
610 2 0 |a Európa 
610 2 0 |a Slovensko 
610 2 0 |a podnik spoločný 
610 2 0 |a rafinérie 
100 1 |a Kavec, Ján